[Event "ARG-ch sf"]
[Site "Corrientes"]
[Date "2018.03.17"]
[Round "5"]
[White "Hakanson, Ian"]
[Black "Perez, Diego Miguel"]
[Result "1-0"]
[WhiteElo "1687"]
[BlackElo "1902"]
[PlyCount "39"]
[EventDate "2018.03.16"]
[EventType "swiss"]
[EventRounds "7"]
[EventCountry "ARG"]
[SourceTitle "CBM 183 Extra"]
[Source "ChessBase"]
[SourceDate "2018.04.19"]
[SourceVersion "1"]
[SourceVersionDate "2018.04.19"]
[SourceQuality "1"]

1. e4 d5 2. exd5 Qxd5 3. Nc3 Qd6 4. Nf3 e5 5. d3 Bg4 6. Be2 Nf6 7. 0-0 a6 8. Be3 Nc6 9. h3 Bf5 10. Re1 Be7 11. Qd2 0-0-0 12. a3 Qd7 13. b4 Bd6 14. b5 Nd4 15. bxa6 Nxe2+ 16. Qxe2 bxa6 17. d4 Qc6 18. dxe5 Qxc3 19. Qxa6+ Kd7 20. exd6 1-0